[Event "Mittelfranken-chTB2b 1011"]
[Site "Germany"]
[Date "2011.05.15"]
[Round "9.6"]
[White "Perner, Bastian"]
[Black "Cipra, Uwe"]
[Result "1/2-1/2"]
[WhiteElo "1823"]
[BlackElo "1718"]
[PlyCount "24"]
[EventDate "2010.09.26"]
[EventType "team-tourn"]
[EventRounds "9"]
[EventCountry "GER"]
[SourceTitle "EXT 2012"]
[Source "ChessBase"]
[SourceDate "2011.11.24"]
[SourceVersion "1"]
[SourceVersionDate "2011.11.24"]
[SourceQuality "1"]
[WhiteTeam "Heideck/Hilpoltstein"]
[BlackTeam "Schwanstetten"]
[WhiteTeamCountry "GER"]
[BlackTeamCountry "GER"]

1. e4 e6 2. d4 d5 3. exd5 exd5 4. Bd3 Nf6 5. Bf4 Bd6 6. Bxd6 Qxd6 7. Ne2 0-0 8. 0-0 Nc6 9. c3 Bg4 10. f3 Be6 11. Ng3 Ne7 12. Nd2 Ng6 1/2-1/2

[Event "Mittelfranken-chTB2b 1011"]
[Site "Germany"]
[Date "2011.03.13"]
[Round "7.5"]
[White "Reuter, Roland"]
[Black "Cipra, Uwe"]
[Result "1-0"]
[WhiteElo "1859"]
[BlackElo "1718"]
[PlyCount "119"]
[EventDate "2010.09.26"]
[EventType "team-tourn"]
[EventRounds "9"]
[EventCountry "GER"]
[SourceTitle "EXT 2012"]
[Source "ChessBase"]
[SourceDate "2011.11.24"]
[SourceVersion "1"]
[SourceVersionDate "2011.11.24"]
[SourceQuality "1"]
[WhiteTeam "Muehlhof/Schwabach"]
[BlackTeam "Schwanstetten"]
[WhiteTeamCountry "GER"]
[BlackTeamCountry "GER"]

1. c4 Nf6 2. Nc3 e6 3. Nf3 c5 4. d3 Nc6 5. Bf4 Be7 6. g3 a6 7. Bg2 0-0 8. 0-0 d6 9. a3 e5 10. Bd2 Nd4 11. e3 Nxf3+ 12. Bxf3 Qc7 13. Qe2 Bh3 14. Rfe1 Be6 15. b4 Rab8 16. b5 a5 17. Reb1 b6 18. Qe1 Rfd8 19. e4 Qa7 20. Na4 Nd7 21. Bg2 Rf8 22. Rb2 Bd8 23. Qe3 Bf6 24. Rf1 g6 25. Bc3 Bg7 26. f4 f6 27. Rbf2 Qc7 28. Qe2 Bf7 29. Bh3 Rfe8 30. Qb2 Be6 31. Bxe6+ Rxe6 32. Qe2 Re7 33. Bb2 Rf8 34. Nc3 Qd8 35. Nd5 Ree8 36. Bc3 Bh8 37. h4 exf4 38. Rxf4 f5 39. Bxh8 Kxh8 40. Qb2+ Kg8 41. exf5 Ne5 42. Qd2 Rxf5 43. Rxf5 gxf5 44. Rxf5 Rf8 45. Rxf8+ Qxf8 46. Qe3 Qd8 47. Kg2 Kg7 48. Qe4 h6 49. Nf4 Qc8 50. Qd5 Qd7 51. a4 Qg4 52. Qb7+ Kf8 53. Qe4 Kf7 54. Kf2 Qd1 55. Qf5+ Ke8 56. Qe6+ Kd8 57. Qxd6+ Kc8 58. Qxe5 Qc2+ 59. Qe2 Qxa4 60. Nd5 1-0

[Event "Mittelfrankenliga-B1 0708"]
[Site "Mittelfranken"]
[Date "2007.11.11"]
[Round "2.8"]
[White "Vasilache, Catalin"]
[Black "Cipra, Uwe"]
[Result "1-0"]
[WhiteElo "1951"]
[BlackElo "1682"]
[PlyCount "75"]
[EventDate "2007.10.14"]
[EventType "team-tourn"]
[EventRounds "9"]
[EventCountry "GER"]
[SourceTitle "EXT 2011"]
[Source "ChessBase"]
[SourceDate "2010.11.26"]
[SourceVersion "1"]
[SourceVersionDate "2010.11.26"]
[SourceQuality "1"]
[WhiteTeam "Buechenbach/Roth"]
[BlackTeam "Schwanstetten"]
[WhiteTeamCountry "GER"]
[BlackTeamCountry "GER"]

1. d4 Nf6 2. Nf3 e6 3. c4 c5 4. e3 d5 5. Nc3 Nc6 6. a3 a6 7. dxc5 Bxc5 8. b4 d4 9. exd4 Bxd4 10. Bb2 Ng4 11. Nxd4 Qxd4 12. Qxd4 Nxd4 13. Bd3 Ne5 14. Rd1 Nxd3+ 15. Rxd3 Nc6 16. Ne4 0-0 17. Rg3 e5 18. 0-0 f5 19. Nd6 f4 20. Rd3 Bf5 21. Nxf5 Rxf5 22. Rd7 Rf7 23. Rfd1 Rxd7 24. Rxd7 b5 25. c5 a5 26. bxa5 Rxa5 27. f3 g5 28. Rd6 Nd4 29. Bxd4 exd4 30. c6 Rxa3 31. c7 Rc3 32. Rd8+ Kf7 33. c8Q Rxc8 34. Rxc8 Ke7 35. Rb8 Kd6 36. Rxb5 d3 37. Kf2 h6 38. Rb3 1-0

[Event "Mittelfrankenliga-B1 0607"]
[Site "Mittelfranken"]
[Date "2007.02.11"]
[Round "6.8"]
[White "Oberndoerfer, Dieter"]
[Black "Cipra, Uwe"]
[Result "0-1"]
[WhiteElo "1746"]
[BlackElo "1664"]
[PlyCount "100"]
[EventDate "2006.10.22"]
[EventType "team-tourn"]
[EventRounds "9"]
[EventCountry "GER"]
[SourceTitle "EXT 2011"]
[Source "ChessBase"]
[SourceDate "2010.11.26"]
[SourceVersion "1"]
[SourceVersionDate "2010.11.26"]
[SourceQuality "1"]
[WhiteTeam "Schwabach"]
[BlackTeam "Schwanstetten"]
[WhiteTeamCountry "GER"]
[BlackTeamCountry "GER"]

1. Nf3 Nf6 2. c4 c5 3. Nc3 e6 4. d4 cxd4 5. Nxd4 Bb4 6. Bd2 0-0 7. Nc2 Bc5 8. Be3 b6 9. h3 Bb7 10. Qd2 Qe7 11. Rd1 Nc6 12. Bxc5 Qxc5 13. e3 Ne5 14. Qd4 Rac8 15. Qxc5 Rxc5 16. Na3 Nf3+ 17. gxf3 Bxf3 18. Rg1 Bxd1 19. Kxd1 d5 20. cxd5 Nxd5 21. Ne4 Rc7 22. Nb5 Rd7 23. Kc1 Rc8+ 24. Kb1 f5 25. Nec3 f4 26. Nxd5 Rxd5 27. Nc3 Rd2 28. Ba6 Rcd8 29. Be2 f3 30. Bxf3 Rxf2 31. Bg4 Rf6 32. Rd1 Rxd1+ 33. Nxd1 g6 34. Nc3 h5 35. Be2 Rf2 36. Bc4 Kf7 37. Ne4 Rg2 38. Bf1 Rg1 39. Nd2 g5 40. Kc2 g4 41. hxg4 hxg4 42. Kd3 g3 43. Be2 Rh1 44. Bf3 Rh2 45. Be4 Ke7 46. b4 g2 47. Nf3 Rh1 48. Ke2 g1Q 49. Nxg1 Rxg1 50. Kd3 Ra1 0-1

[Event "Nuremberg Zabo op 07th"]
[Site "Nuremberg"]
[Date "2005.09.25"]
[Round "5"]
[White "Cipra, Uwe"]
[Black "Laustsen, Karl Johann"]
[Result "0-1"]
[WhiteElo "1620"]
[BlackElo "1780"]
[PlyCount "74"]
[EventDate "2005.09.23"]
[EventType "swiss"]
[EventRounds "5"]
[EventCountry "GER"]
[SourceTitle "EXT 2012"]
[Source "ChessBase"]
[SourceDate "2011.11.24"]
[SourceVersion "1"]
[SourceVersionDate "2011.11.24"]
[SourceQuality "1"]

1. e4 c5 2. Nf3 d6 3. d4 cxd4 4. Nxd4 Nf6 5. Nc3 a6 6. Bd3 e5 7. Nf3 Be7 8. 0-0 0-0 9. Nd5 Nxd5 10. exd5 f5 11. Be2 Nd7 12. c4 Bf6 13. Rb1 a5 14. a3 a4 15. b4 axb3 16. Qxb3 Nc5 17. Qe3 Bd7 18. Bb2 f4 19. Qd2 Bf5 20. Rbd1 g5 21. h3 Qe8 22. Nh2 Qg6 23. Ng4 h5 24. Nxf6+ Rxf6 25. g4 fxg3 26. fxg3 Raf8 27. g4 hxg4 28. Bxg4 Bxg4 29. hxg4 Rf4 30. Qe2 Qh6 31. Rxf4 gxf4 32. Qf3 Qg5 33. Kf2 Rf7 34. Rg1 Rh7 35. Ke1 Qg6 36. Qc3 Rh2 37. Bc1 Qe4+ 0-1

[Event "Nuremberg Zabo op 07th"]
[Site "Nuremberg"]
[Date "2005.09.25"]
[Round "4"]
[White "Hegele, Juergen"]
[Black "Cipra, Uwe"]
[Result "1/2-1/2"]
[WhiteElo "1820"]
[BlackElo "1620"]
[PlyCount "54"]
[EventDate "2005.09.23"]
[EventType "swiss"]
[EventRounds "5"]
[EventCountry "GER"]
[SourceTitle "EXT 2012"]
[Source "ChessBase"]
[SourceDate "2011.11.24"]
[SourceVersion "1"]
[SourceVersionDate "2011.11.24"]
[SourceQuality "1"]

1. g3 Nf6 2. c4 e6 3. Bg2 d5 4. Nf3 c5 5. 0-0 Nc6 6. cxd5 Nxd5 7. Nc3 Be7 8. Nxd5 exd5 9. d4 b6 10. dxc5 Bxc5 11. Ng5 Be6 12. Nxe6 fxe6 13. e4 dxe4 14. Bxe4 Qxd1 15. Bxc6+ Qd7 16. Bxd7+ Kxd7 17. Rd1+ Kc6 18. Bf4 Rhd8 19. Rac1 Rxd1+ 20. Rxd1 Re8 21. Be5 g6 22. a3 a5 23. Kg2 Re7 24. g4 Rd7 25. Rxd7 Kxd7 26. a4 Kc6 27. Kf3 Kd5 1/2-1/2